000 00815nam a2200265Ia 4500
003 GCL
008 140319s9999 xx 000 0 ara d
040 _aGCL /
_cGCL
082 0 4 _a658.809
_bن ا
100 1 _aنبيل الحسينى النجار
245 1 0 _aالاصول العلمية للتسويق والبيع والاعلان /
_cنبيل الحسينى النجار
260 _a[S.N] :
_bمكتبة عين شمس ،
_c1991
300 _a399 ص
490 _a
650 0 4 _aادارة الاعمال
650 0 4 _aالادارة
650 0 4 _aالتسويق
650 0 4 _aالعرض والطلب
650 0 4 _aالاسواق
650 0 4 _aالاعلان
650 0 4 _aالدعاية
650 0 4 _aاستراتيجية المنافسة
650 0 4 _aالمبيعات
942 _2ddc
_cBK
999 _c36839
_d36839